Introducción a la bioquímica de los alimentos
Gardado en:
| Autor Principal: | |
|---|---|
| Formato: | Libro |
| Idioma: | Lingua castelá |
| Publicado: |
Barcelona
Omega
1978
|
| Edición: | 2a. ed |
| Subjects: | |
| Tags: |
Engadir etiqueta
Sen Etiquetas, Sexa o primeiro en etiquetar este rexistro!
|
MARC
| LEADER | 00000nam a2200000 a 4500 | ||
|---|---|---|---|
| 001 | UCX0532 | ||
| 003 | CL-VaPUC | ||
| 008 | 891103e19780000SP |||||||||||||||||spa|d | ||
| 082 | 0 | 4 | |a 664 |b BRA |2 21 |
| 100 | 0 | |a Braverman, J. B. S |e author |9 315948 | |
| 245 | 1 | 0 | |a Introducción a la bioquímica de los alimentos |
| 250 | |a 2a. ed | ||
| 300 | |a 355 p | ||
| 942 | |c BK | ||
| 945 | |d 19891103 00:00:00 |a mfernand | ||
| 260 | |a Barcelona |b Omega |c 1978 | ||
| 650 | 0 | |a Alimentos |v Análisis |9 259399 | |
| 650 | 0 | |a Bioquímica |9 259492 | |
| 583 | |a last modification |c 19891103 00:00:00 |k Rodrigo Vera | ||
| 999 | |c 222106 |d 222104 | ||
| 952 | |0 0 |1 0 |4 0 |6 664_000000000000000_BRA_1978 |7 0 |8 A |9 216362 |a BIBCUR |b BIBCUR |d 2019-11-15 |i 2849852 |o 664 BRA 1978 |p 2849852 |r 2025-04-22 |w 2019-11-15 |y BK |k BCB | ||
| 952 | |0 0 |1 0 |4 0 |6 664_000000000000000_BRA_1978 |7 0 |8 A |9 216368 |a BIBALI |b BIBALI |c GEN |d 2019-11-15 |i 1968025 |o 664 BRA 1978 |p 1968025 |r 2025-01-20 |w 2019-11-15 |y BK |k ALI | ||
| 952 | |0 0 |1 0 |4 0 |6 664_000000000000000_BRA_1978 |7 0 |8 A |9 216369 |a BIBALI |b BIBALI |c GEN |d 2019-11-15 |i 1968033 |o 664 BRA 1978 |p 1968033 |r 2025-01-20 |w 2019-11-15 |y BK |k ALI | ||
| 952 | |0 0 |1 0 |4 0 |6 664_000000000000000_BRA_1978 |7 0 |8 A |9 216370 |a BIBALI |b BIBALI |c GEN |d 2019-11-15 |i 1968041 |o 664 BRA 1978 |p 1968041 |r 2025-01-20 |w 2019-11-15 |y BK |k ALI | ||
| 952 | |0 0 |1 0 |4 0 |6 664_000000000000000_BRA_1978 |7 0 |8 A |9 216371 |a BIBALI |b BIBALI |c GEN |d 2019-11-15 |i 196805K |o 664 BRA 1978 |p 196805K |r 2025-01-20 |w 2019-11-15 |y BK |k ALI | ||
| 952 | |0 0 |1 0 |4 0 |6 664_000000000000000_BRA_1978 |7 0 |8 A |9 216372 |a BIBALI |b BIBALI |c GEN |d 2019-11-15 |i 1981854 |o 664 BRA 1978 |p 1981854 |r 2025-01-20 |w 2019-11-15 |y BK |k ALI | ||